000 00728nam a2200289Ia 4500
001 35802
003 IT-RoPAU
008 130308s9999 xx 000 0 und d
040 _aIT-RoPAU
040 _cIT-RoPAU
041 _aITALIANO
100 _aVillani Dino
100 _gCodice Aut. SPICS: 15
245 _aDino Villani ricorda Seneca
245 _bParete N.27 Novembre 1977
250 _a1a ed.
260 _aMAZZO (MI)
260 _bIGAP
260 _c1977 [1° Ed.:1977 - Ed.Ling.Originale:1977]
300 _a"6 p. (prefazione: no ; testo: 6 [pagine: 4-9])"
650 _aSAGGI DI PUBBLICITA'
650 _eCodice materia Spics: 6211
942 _cBK
957 _71
999 _c48733
_d48733
999 _bSI
999 _g1